000 00587cam a2200193 a 4500
020 _a0198250452
041 _aENG
082 0 0 _a212.7
_bROW
100 1 _aRowe, William L.,
245 1 0 _aCan God be free?
260 _aOxford :
_bClarendon Press ;
_aOxford ;
_aNew York :
_bOxford University Press,
_c2004.
300 _avii, 173 p. ;
650 0 _aGod (Christianity)
650 0 _aGod (Christianity)
650 0 _aLiberty
856 4 1 _uhttp://www.loc.gov/catdir/toc/fy046/2004300658.html
856 4 2 _uhttp://www.loc.gov/catdir/enhancements/fy0620/2004300658-d.html
942 _cBK
999 _c22785
_d22785